Prix Nobel de la paix - Mort subite - Statistiques

Statistiques générales
  • Ce quiz a été pris 638 fois
  • Le résultat moyen est 4 sur 14
Answers on the Grid
Answers color-coded by a green-red scale on the quiz's grid according to % correct below.
Gandhi
Théodore Roosevelt
Winston Churchill
Martin Luther King
Rosa Parks
Mère Teresa
Mikhaïl Gorbatchev
Nelson Mandela
Yasser Arafat
Jimmy Carter
Barack Obama
Croix-Rouge
Dalaï-Lama
Sœur Emmanuelle
Abbé Pierre
UNICEF
Médecins sans Frontières
OTAN
Union Européenne
Greenpeace
John F. Kennedy
Amnesty International
Médecins du monde
Charles de Gaulle
 
Statistiques - réponses
Réponse % Correct
Nelson Mandela
50%
Barack Obama
40%
Martin Luther King
38%
Mère Teresa
38%
Dalaï-Lama
30%
Mikhaïl Gorbatchev
28%
Croix-Rouge
26%
Yasser Arafat
26%
Médecins sans Frontières
22%
UNICEF
22%
Jimmy Carter
21%
Amnesty International
17%
Union Européenne
16%
Théodore Roosevelt
7%
Aucun quiz correspondant
Distribution des résultats
% des personnes avec chaque résultat
Percentile par nombre de réponses
Votre historique - résultats
Vous n’avez pas pris ce quiz